000
00248nam a22001097a 4500
008
170119b xxu||||| |||| 00| 0 eng d
020
_a
2800763730378
041
_a
eng
080
_2
3RD
_a
618.2
245
_a
NURSING ETHICS
_c
FRY, S.T
942
_2
udc
_c
BK
999
_c
3150
_d
3150